[Event "I Festival A"]
[Site "Cattolica ITA"]
[Date "2005.06.12"]
[Round "2"]
[White "Rocchetti, Marco"]
[Black "De Toma, Francesco"]
[Result "1-0"]
[WhiteElo "1937"]
[BlackElo "1780"]
[PlyCount "119"]
[EventDate "2005.06.11"]

1.d4 Nf6 2.Nf3 g6 3.Bf4 Bg7 4.e3 Nh5 5.Be5 f6 6.Bg3 Nxg3 7.hxg3 f5 8.Bc4 
c5 9.c3 Qb6 10.Qb3 Qxb3 11.axb3 cxd4 12.exd4 Nc6 13.Ng5 e6 14.Nxh7 d5 15.
Bb5 Bd7 16.f4 a6 17.Nd2 O-O-O 18.Bxc6 Bxc6 19.Kf2 Bb5 20.Ng5 Kd7 21.Ndf3 
Bd3 22.Nf7 Be4 23.Nxd8 Rxd8 24.Rh7 Rg8 25.Ra4 Kd6 26.Ra5 Bxf3 27.gxf3 g5 
28.fxg5 e5 29.dxe5+ Kxe5 30.f4+ Kd6 31.Rh1 Rc8 32.Rd1 Rc5 33.Rxc5 Kxc5 34.
Ke3 b5 35.Kd3 d4 36.cxd4+ Bxd4 37.Rc1+ Kd5 38.Rc8 Bxb2 39.Ra8 Kc5 40.Rxa6 
Kd5 41.Ra8 b4 42.Rf8 Ke6 43.Kc4 Bc3 44.Re8+ Kf7 45.Re3 Bd2 46.Rd3 Be1 47.
Rd5 Kg6 48.Rd6+ Kg7 49.Rf6 Bxg3 50.Rxf5 Be1 51.Kd3 Bc3 52.Ke4 Kg6 53.Rb5 
Bd2 54.Rb6+ Kg7 55.Kf5 Bc3 56.Rb7+ Kg8 57.Kg6 Kf8 58.f5 Bd2 59.f6 Bc3 60.
Rb8# 1-0

[Event "I Festival A"]
[Site "Cattolica ITA"]
[Date "2005.06.12"]
[Round "2"]
[White "Russo, Carmelo"]
[Black "Weinberg, Emanuele"]
[Result "1/2-1/2"]
[WhiteElo "1763"]
[BlackElo "1926"]
[PlyCount "170"]
[EventDate "2005.06.11"]

1.Nf3 e6 2.c4 Nf6 3.g3 d5 4.b3 Be7 5.Bb2 O-O 6.Bg2 Nbd7 7.O-O c5 8.d4 dxc4
9.bxc4 cxd4 10.Nxd4 Nc5 11.Nd2 Bd7 12.Qc2 Rc8 13.Rfd1 Na4 14.Bc1 Qb6 15.
N2f3 Qc7 16.Bf4 Qa5 17.Ne5 Nc5 18.Nxd7 Nfxd7 19.Rab1 Qa6 20.Nb5 e5 21.Be3 
Rcd8 22.Nc7 Qg6 23.Qxg6 hxg6 24.Bxb7 Nb6 25.Nd5 Nxd5 26.Bxd5 Rd7 27.f3 
Rfd8 28.Rb2 Na4 29.Rbd2 Kf8 30.Bc6 Rxd2 31.Rxd2 Rxd2 32.Bxd2 Bc5+ 33.Kf1 
Nb6 34.Bd5 Ke7 35.e4 f6 36.Ke2 Na4 37.h4 Bd4 38.Bb4+ Nc5 39.g4 Kd7 40.Bf7 
g5 41.hxg5 Na4 42.gxf6 gxf6 43.Bd2 Nc3+ 44.Bxc3 Bxc3 45.Kd3 Bb4 46.Kc2 a5 
47.Kb3 Kd6 48.Ka4 Kc5 49.a3 Bd2 50.Kb3 Kd4 51.Kc2 Bc3 52.c5 a4 53.Be8 Ba5 
54.Bxa4 Kxc5 55.Kd3 Bc7 56.Bd1 Ba5 57.Ke3 Kd6 58.f4 Bb6+ 59.Kf3 Ba5 60.f5 
Bd8 61.Kg3 Kc5 62.Kh4 Kd4 63.Bc2 Kc3 64.Bd1 Kd4 65.Bf3 Kc3 66.Bd1 Kd4 67.
Bf3 Kc3 68.a4 Kd4 69.Kh5 Ke3 70.Bh1 Kf4 71.Bg2 Kg3 72.Bf1 Kf4 73.Bd3 Ke3 
74.Bb1 Kf4 75.Bc2 Ke3 76.g5 fxg5 77.a5 Bxa5 78.f6 Kf4 79.f7 Bb4 80.Bd1 
Kxe4 81.Kxg5 Bf8 82.Bc2+ Kd4 83.Kf5 Bb4 84.Be4 Bf8 85.Bh1 Bb4 1/2-1/2

[Event "I Festival A"]
[Site "Cattolica ITA"]
[Date "2005.06.12"]
[Round "2"]
[White "Sautto, Alessandra"]
[Black "Squarci, Franco"]
[Result "1/2-1/2"]
[WhiteElo "1968"]
[BlackElo "1863"]
[PlyCount "82"]
[EventDate "2005.06.11"]

1.d4 Nf6 2.Nf3 b6 3.Nbd2 e6 4.e4 Bb7 5.Bd3 Nc6 6.c3 Be7 7.O-O O-O 8.e5 Nd5
9.Ne4 f5 10.exf6 Nxf6 11.Nxf6+ Bxf6 12.Bc2 Ne7 13.Qd3 g6 14.Ne5 Nf5 15.f3 
Qe7 16.Qe2 c5 17.Be4 d5 18.Bxf5 exf5 19.Bd2 Rfe8 20.f4 a5 21.Rfe1 Qd6 22.
Qf2 Re7 23.Rac1 a4 24.a3 c4 25.Be3 Rg7 26.Kf1 Rf8 27.Ke2 Qe7 28.g3 Qe8 29.
Kd1 Qb8 30.Rg1 Bc8 31.Qd2 h6 32.h4 Kh7 33.Ke2 Qa8 34.Kf2 Be6 35.Rcd1 b5 
36.Rgf1 Re7 37.Rfe1 Rg8 38.Rf1 Reg7 39.Ke1 Rc7 40.Kf2 Be7 41.Qc2 Qf8 
1/2-1/2

[Event "I Festival A"]
[Site "Cattolica ITA"]
[Date "2005.06.12"]
[Round "2"]
[White "Sautto, Daniele"]
[Black "Ronchetti, Niccolo'"]
[Result "1/2-1/2"]
[WhiteElo "2119"]
[BlackElo "2364"]
[PlyCount "130"]
[EventDate "2005.06.11"]

1.e4 c5 2.c3 d5 3.exd5 Qxd5 4.d4 g6 5.Nf3 Bg7 6.Na3 cxd4 7.Bc4 Qe4+ 8.Be3 
Nh6 9.cxd4 O-O 10.O-O Bg4 11.Ng5 Qxe3 12.fxe3 Bxd1 13.Raxd1 Nc6 14.Rf3 Na5
15.Bd3 Ng4 16.Nc4 Nc6 17.h3 Nf6 18.Ne5 Nxe5 19.dxe5 Nd7 20.Nxf7 Rxf7 21.
Rxf7 Kxf7 22.Bc4+ Ke8 23.Bb5 Bxe5 24.Rxd7 Kf8 25.Rxb7 Bxb2 26.Bc6 Rc8 27.
Be4 Bc1 28.Kf2 Rc3 29.Rb3 Bxe3+ 30.Ke2 Rxb3 31.axb3 Bc5 32.Kf3 Kf7 33.Bd5+
Kf6 34.Bb7 Ke5 35.Bc6 Bb4 36.Bb7 Ba3 37.Bc6 Bd6 38.Bb7 Kd4 39.Bc6 Bb4 40.
Bb7 Ba3 41.Bc6 Kc5 42.Bb7 Bb2 43.Bc8 a5 44.Bb7 Bf6 45.Bc8 Kb4 46.Be6 Kc3 
47.Ke2 Bg7 48.Kf3 Kd4 49.Bc8 Kd3 50.Be6 Kc3 51.Bf7 Bf6 52.Be6 h5 53.Bf7 g5
54.Be6 Kd4 55.Bc8 e5 56.Bb7 Be7 57.Bc6 Bd6 58.Bb7 e4+ 59.Ke2 Kc3 60.Bd5 
Bc5 61.Bf7 Kc2 62.Be6 Kb2 63.Bf7 Kc3 64.Be6 Bd6 65.Ke3 Bf4+ 1/2-1/2

[Event "I Festival A"]
[Site "Cattolica ITA"]
[Date "2005.06.12"]
[Round "2"]
[White "Savarese, Vincenzo"]
[Black "Garofalo, Sergio"]
[Result "1/2-1/2"]
[WhiteElo "1730"]
[BlackElo "1903"]
[PlyCount "71"]
[EventDate "2005.06.11"]

1.e4 e5 2.Nf3 Nc6 3.d4 exd4 4.Nxd4 Bc5 5.Be3 Qf6 6.Nb5 Bxe3 7.fxe3 Kd8 8.
N1c3 Nge7 9.Bc4 a6 10.Nd4 Ne5 11.Bb3 c5 12.Nf3 c4 13.Nxe5 cxb3 14.Nf3 bxa2
15.Rxa2 b5 16.Nxb5 Qe6 17.Nc3 Bb7 18.Qd4 f6 19.O-O Rc8 20.Ra4 Rc7 21.Rd1 
Kc8 22.Ne1 f5 23.e5 Nc6 24.Qd5 Qxe5 25.Qxe5 Nxe5 26.Nd5 Rc5 27.Ne7+ Kc7 
28.Nxf5 Nc4 29.Nd3 Nxb2 30.Nxc5 Nxd1 31.Nxa6+ Kb6 32.Nb4 Rf8 33.Ra1 Nc3 
34.Nd4 Be4 35.Nd3 d6 36.Rf1 1/2-1/2

[Event "I Festival A"]
[Site "Cattolica ITA"]
[Date "2005.06.12"]
[Round "2"]
[White "Schaefer, Michael"]
[Black "Meijers, Viesturs"]
[Result "0-1"]
[WhiteElo "2202"]
[BlackElo "2486"]
[PlyCount "60"]
[EventDate "2005.06.11"]

1.d4 Nf6 2.c4 e6 3.g3 d5 4.Bg2 dxc4 5.Nf3 Nbd7 6.O-O Rb8 7.a4 a6 8.a5 Bb4 
9.Qa4 Qe7 10.Nbd2 b5 11.axb6 cxb6 12.Ne5 b5 13.Qc2 Nxe5 14.dxe5 Nd7 15.Nf3
Bb7 16.Rd1 h6 17.Bf4 Nc5 18.Rd6 Be4 19.Qd1 Qb7 20.Be3 Ra8 21.Bh3 O-O 22.
Nd4 a5 23.f3 Bg6 24.Bg2 Rac8 25.Bd2 Na4 26.f4 Be4 27.Bxe4 Qxe4 28.Nxb5 
Nxb2 29.Qe1 c3 30.Bc1 Qc4 0-1

[Event "I Festival A"]
[Site "Cattolica ITA"]
[Date "2005.06.12"]
[Round "2"]
[White "Solaroli, Riccardo"]
[Black "Pivotto, Carlo"]
[Result "1-0"]
[WhiteElo "1963"]
[BlackElo "1802"]
[PlyCount "65"]
[EventDate "2005.06.11"]

1.e4 d6 2.d4 Nf6 3.Bd3 e5 4.c3 c6 5.h3 Qc7 6.Nf3 Nbd7 7.a4 h6 8.Be3 Be7 9.
Nbd2 Nf8 10.b4 g5 11.g4 Ng6 12.Bc4 Rg8 13.Qb3 Rg7 14.b5 d5 15.exd5 cxd5 
16.Bxd5 Nxd5 17.Qxd5 Be6 18.Qe4 Qxc3 19.O-O Nf4 20.Bxf4 gxf4 21.Rfc1 Qa5 
22.Qxe5 Rg8 23.d5 Bxg4 24.hxg4 Rxg4+ 25.Kh1 Kf8 26.Rc7 Bd8 27.Qh8+ Rg8 28.
Qxh6+ Rg7 29.Rcc1 Bg5 30.Nxg5 Qxd2 31.Nh7+ Kg8 32.Nf6+ Kf8 33.Re1 1-0

[Event "I Festival A"]
[Site "Cattolica ITA"]
[Date "2005.06.12"]
[Round "2"]
[White "Straub, Peter"]
[Black "Dittmar, Peter"]
[Result "0-1"]
[WhiteElo "2112"]
[BlackElo "2319"]
[PlyCount "94"]
[EventDate "2005.06.11"]

1.e4 c6 2.d4 d5 3.exd5 cxd5 4.Bd3 Nc6 5.c3 Qc7 6.Nd2 Nf6 7.h3 g6 8.Ngf3 
Bf5 9.Be2 Bg7 10.O-O O-O 11.Nh4 Bd7 12.Re1 Rad8 13.Nf1 Ne4 14.f3 Ng3 15.f4
Nxe2+ 16.Rxe2 e6 17.Be3 Ne7 18.Qd2 Bb5 19.Ree1 Nc8 20.Ng3 Nd6 21.b3 Rc8 
22.Rac1 Qa5 23.a4 Bc6 24.Nf3 Qb6 25.Qa2 Qa6 26.Ne5 Rfd8 27.Rc2 Be8 28.Rec1
b6 29.Nf1 Rc7 30.Nd2 Rdc8 31.Qa3 Nf5 32.Bf2 Bb5 33.g4 Ne7 34.Qa1 Bd3 35.
Ra2 f6 36.Nef3 Be4 37.Nxe4 dxe4 38.Ne1 Nd5 39.c4 Nxf4 40.Kh2 Qb7 41.Bg3 e5
42.Rf2 e3 43.Rfc2 Qe4 44.dxe5 fxe5 45.Qc3 Rd7 46.Ng2 Rd3 47.Qb2 Rcd8 0-1

[Event "I Festival A"]
[Site "Cattolica ITA"]
[Date "2005.06.13"]
[Round "3"]
[White "Abiuso Melo, Diego"]
[Black "Calza, Gabriele"]
[Result "0-1"]
[WhiteElo "2131"]
[BlackElo "1790"]
[PlyCount "50"]
[EventDate "2005.06.11"]

1.e4 c5 2.Nf3 e6 3.d4 cxd4 4.Nxd4 Nc6 5.Nxc6 bxc6 6.c4 Nf6 7.Nc3 d5 8.cxd5
cxd5 9.e5 Nd7 10.Bb5 Bb4 11.O-O O-O 12.Re1 Qa5 13.Bd3 d4 14.Be4 dxc3 15.
Bxa8 c2 16.Qg4 Bxe1 17.Bh6 g6 18.Bxf8 Kxf8 19.Qc4 Qc5 20.Qxc5+ Nxc5 21.Rc1
Bxf2+ 22.Kh1 Ba6 23.Rxc2 Bd4 24.b4 Nd3 25.Rc6 Nxb4 0-1

[Event "I Festival A"]
[Site "Cattolica ITA"]
[Date "2005.06.13"]
[Round "3"]
[White "Barlocco, Carlo"]
[Black "Solaroli, Riccardo"]
[Result "1-0"]
[WhiteElo "2195"]
[BlackElo "1963"]
[PlyCount "65"]
[EventDate "2005.06.11"]

1.e4 d5 2.Nc3 Nf6 3.e5 Ne4 4.Qf3 Nxc3 5.dxc3 e6 6.Bf4 c5 7.O-O-O Bd7 8.Nh3
Nc6 9.c4 Nd4 10.Qd3 Qa5 11.cxd5 Qxa2 12.b3 exd5 13.Qc3 Bf5 14.Bd3 Bxd3 15.
Qxd3 Qa3+ 16.Kb1 a5 17.Be3 a4 18.Bxd4 cxd4 19.Qb5+ Kd8 20.Rxd4 Kc7 21.Rxd5
Qb4 22.Rd7+ Kc8 23.Rxb7 Qxb5 24.Rxb5 a3 25.Ka2 Kc7 26.Rd1 Be7 27.Rbd5 Rhe8
28.f4 Rac8 29.Nf2 f6 30.Ne4 fxe5 31.fxe5 Kb6 32.c4 Bb4 33.Rb5+ 1-0

[Event "I Festival A"]
[Site "Cattolica ITA"]
[Date "2005.06.13"]
[Round "3"]
[White "Battistella, Stefano"]
[Black "Raineri, Valerio"]
[Result "1/2-1/2"]
[WhiteElo "2055"]
[BlackElo "2145"]
[PlyCount "72"]
[EventDate "2005.06.11"]

1.g3 Nf6 2.Bg2 g6 3.c4 Bg7 4.Nc3 d6 5.d3 e5 6.e4 c5 7.Nge2 O-O 8.O-O Nc6 
9.h3 Be6 10.Bg5 h6 11.Be3 Qd7 12.Kh2 Nd4 13.Nd5 Bxd5 14.cxd5 Ne8 15.f4 f5 
16.fxe5 dxe5 17.Qd2 Kh7 18.Rac1 Rc8 19.b4 Nxe2 20.Qxe2 cxb4 21.Rxc8 Qxc8 
22.Rc1 Qb8 23.Bc5 Nd6 24.Bxb4 f4 25.gxf4 Rxf4 26.Bd2 Rf7 27.Rf1 Rxf1 28.
Qxf1 Qf8 29.Qxf8 Bxf8 30.Bb4 Kg7 31.Bc3 Nf7 32.d4 Bd6 33.Kg1 Kf8 34.Kf2 
Ke7 35.Ke3 Bc7 36.Kd3 Bd6 1/2-1/2

[Event "I Festival A"]
[Site "Cattolica ITA"]
[Date "2005.06.13"]
[Round "3"]
[White "Bellincampi, Stefano"]
[Black "Ragnoni, Edoardo"]
[Result "1-0"]
[WhiteElo "2077"]
[BlackElo "1802"]
[PlyCount "81"]
[EventDate "2005.06.11"]

1.e4 c5 2.Nf3 d6 3.Bc4 Nf6 4.d3 Nc6 5.c3 e6 6.Bb3 Be7 7.O-O O-O 8.Re1 e5 
9.Nbd2 Rb8 10.Nf1 b5 11.Ne3 Na5 12.Bc2 b4 13.d4 Qc7 14.Nd5 Nxd5 15.exd5 
cxd4 16.cxd4 Bg4 17.Qd3 g6 18.Ba4 Bxf3 19.Qxf3 f5 20.Bh6 e4 21.Bxf8 exf3 
22.Bxe7 Kf7 23.Rac1 Qxe7 24.Rxe7+ Kxe7 25.Rc7+ Kf6 26.Rxa7 b3 27.axb3 Nxb3
28.Bxb3 Rxb3 29.gxf3 Rxb2 30.Rd7 Rb6 31.f4 h6 32.h4 g5 33.fxg5+ hxg5 34.h5
g4 35.h6 Kg6 36.h7 Rb8 37.Rxd6+ Kg5 38.Rd7 Kf4 39.Re7 Kg5 40.d6 Kf6 41.d5 
1-0

[Event "I Festival A"]
[Site "Cattolica ITA"]
[Date "2005.06.13"]
[Round "3"]
[White "Bonani, Georg"]
[Black "De Toma, Francesco"]
[Result "1-0"]
[WhiteElo "1897"]
[BlackElo "1780"]
[PlyCount "125"]
[EventDate "2005.06.11"]

1.e4 c5 2.Nf3 d6 3.d4 cxd4 4.Nxd4 Nf6 5.Nc3 a6 6.Bg5 e6 7.f4 b5 8.e5 dxe5 
9.fxe5 Qc7 10.Qe2 b4 11.Ncb5 axb5 12.Nxb5 Qc5 13.exf6 gxf6 14.Bxf6 Rg8 15.
Qe4 Ra5 16.O-O-O Nd7 17.Bd4 Qg5+ 18.Be3 Qe5 19.Qxe5 Nxe5 20.Bb6 Rxa2 21.
Rd8+ Ke7 22.Rxc8 Bh6+ 23.Kb1 Rxb2+ 24.Kxb2 Rxc8 25.Bd4 Nc6 26.Na7 Nxa7 27.
Bxa7 Bg7+ 28.Kb3 Rc3+ 29.Kxb4 Rxc2 30.Bc5+ Kf6 31.g3 h5 32.Bd3 Rb2+ 33.Kc4
Kg5 34.h3 f5 35.Be3+ Kg6 36.g4 hxg4 37.hxg4 Kf7 38.gxf5 exf5 39.Bxf5 Be5 
40.Kd5 Bc3 41.Be6+ Kg6 42.Rg1+ Kh7 43.Bf5+ Kh8 44.Ke6 Rb5 45.Bf4 Bd4 46.
Rg2 Rb6+ 47.Kd5 Bc3 48.Rh2+ Kg7 49.Rg2+ Kh8 50.Be6 Ba1 51.Bc1 Rb5+ 52.Kd6 
Rb6+ 53.Ke7 Rb7+ 54.Bd7 Kh7 55.Bf4 Bd4 56.Ke6 Ba1 57.Be8 Rb6+ 58.Bd6 Bc3 
59.Kf7 Rb7+ 60.Be7 Rb6 61.Bd7 Rh6 62.Bf5+ Rg6 63.Rh2# 1-0

[Event "I Festival A"]
[Site "Cattolica ITA"]
[Date "2005.06.13"]
[Round "3"]
[White "Brancaleoni, Maurizio"]
[Black "Dallaglio, Giovanni"]
[Result "1-0"]
[WhiteElo "2296"]
[BlackElo "2038"]
[PlyCount "95"]
[EventDate "2005.06.11"]

1.d4 d5 2.Bg5 Nd7 3.e3 Ngf6 4.Nf3 e6 5.c4 Be7 6.Nc3 O-O 7.Qc2 c5 8.cxd5 
Nxd5 9.Bxe7 Qxe7 10.Nxd5 exd5 11.Bd3 g6 12.dxc5 Nxc5 13.O-O Be6 14.Qc3 
Nxd3 15.Qxd3 Rac8 16.Rfc1 Rc5 17.Rxc5 Qxc5 18.Qd4 Rc8 19.Qxc5 Rxc5 20.Nd4 
a5 21.Kf1 Kf8 22.Ke2 Ke7 23.h4 h5 24.Kf3 f6 25.Kf4 b5 26.f3 Bd7 27.Rd1 a4 
28.g4 b4 29.Rg1 Kf7 30.Rd1 Ke7 31.Kg3 Be6 32.gxh5 gxh5 33.Kf2 Bd7 34.Ke2 
Kf7 35.Kd2 Ke7 36.Rg1 Kf7 37.Rc1 Rxc1 38.Kxc1 Ke7 39.Nc2 b3 40.axb3 axb3 
41.Nd4 Ba4 42.Kd2 Kd6 43.Nf5+ Ke5 44.Ng7 f5 45.Nxh5 d4 46.f4+ Ke4 47.exd4 
Kxd4 48.Nf6 1-0

[Event "I Festival A"]
[Site "Cattolica ITA"]
[Date "2005.06.13"]
[Round "3"]
[White "Cerasi, Umberto"]
[Black "Schaefer, Michael"]
[Result "1/2-1/2"]
[WhiteElo "2002"]
[BlackElo "2202"]
[PlyCount "37"]
[EventDate "2005.06.11"]

1.e4 c5 2.Nf3 d6 3.d4 cxd4 4.Nxd4 Nf6 5.Nc3 e6 6.Be2 Nc6 7.Be3 Be7 8.O-O 
Bd7 9.Nb3 a6 10.a4 Na5 11.Nxa5 Qxa5 12.f4 Bc6 13.Bf3 O-O 14.Qd2 Rfd8 15.
Rfe1 Qc7 16.Qf2 b5 17.axb5 axb5 18.Rxa8 Rxa8 19.e5 1/2-1/2

[Event "I Festival A"]
[Site "Cattolica ITA"]
[Date "2005.06.13"]
[Round "3"]
[White "De Zordi, Fabio"]
[Black "Sautto, Alessandra"]
[Result "1/2-1/2"]
[WhiteElo "1733"]
[BlackElo "1968"]
[PlyCount "87"]
[EventDate "2005.06.11"]

1.c4 e6 2.g3 d5 3.Bg2 Nf6 4.cxd5 exd5 5.d4 c6 6.Nf3 Bd6 7.Nc3 Bf5 8.O-O h6
9.Re1 O-O 10.a3 Nbd7 11.Nd2 Re8 12.e4 dxe4 13.Ndxe4 Nxe4 14.Nxe4 Bxe4 15.
Rxe4 Rxe4 16.Bxe4 Nf6 17.Bg2 Qe7 18.Be3 Rd8 19.Rc1 Bc7 20.h3 Bb6 21.Qd3 
Qd7 22.Qb3 Nd5 23.Kh2 Qd6 24.Bh1 Nxe3 25.fxe3 Bc7 26.Rg1 Bb6 27.Rf1 Rd7 
28.Be4 Bc7 29.Rf3 Bb8 30.Qd1 Re7 31.Bc2 Rd7 32.Qd3 g6 33.Bb3 Kg7 34.Qf1 
Qc7 35.Qd3 Qd6 36.Qe4 Re7 37.Qg4 h5 38.Qh4 c5 39.dxc5 Qd2+ 40.Kg1 Qe1+ 41.
Kg2 Qd2+ 42.Kg1 Qe1+ 43.Kg2 Qd2+ 44.Kg1 1/2-1/2

[Event "I Festival A"]
[Site "Cattolica ITA"]
[Date "2005.06.13"]
[Round "3"]
[White "Dittmar, Peter"]
[Black "Laketic, Gojko"]
[Result "1/2-1/2"]
[WhiteElo "2319"]
[BlackElo "2435"]
[PlyCount "48"]
[EventDate "2005.06.11"]

1.c4 Nf6 2.g3 g6 3.Bg2 Bg7 4.Nc3 O-O 5.Nf3 c6 6.O-O d5 7.cxd5 cxd5 8.d4 b6
9.Bf4 Bb7 10.Rc1 Nh5 11.Be3 Nc6 12.Qd2 e6 13.Bh6 Rc8 14.Bxg7 Nxg7 15.e3 
Nf5 16.Rfd1 Nd6 17.b3 Qe7 18.Qb2 Rc7 19.Bf1 Rfc8 20.Nb5 Nxb5 21.Bxb5 Nd8 
22.Bf1 f6 23.Ne1 Nf7 24.Nd3 Nd6 1/2-1/2

[Event "I Festival A"]
[Site "Cattolica ITA"]
[Date "2005.06.13"]
[Round "3"]
[White "Fratino, Lorenzo"]
[Black "Straub, Peter"]
[Result "1/2-1/2"]
[WhiteElo "1915"]
[BlackElo "2112"]
[PlyCount "55"]
[EventDate "2005.06.11"]

1.e4 c5 2.Nc3 e6 3.Nge2 Nc6 4.g3 g6 5.Bg2 Bg7 6.d3 Nge7 7.Be3 Nd4 8.Qd2 d5
9.exd5 exd5 10.Nf4 Nxc2+ 11.Qxc2 d4 12.O-O O-O 13.Ne4 dxe3 14.fxe3 Nf5 15.
Qxc5 Nxe3 16.Kh1 Nxf1 17.Rxf1 Bd7 18.Nd5 Kh8 19.Nd6 b6 20.Qb4 Bc6 21.Rxf7 
Qg5 22.Qc4 Be8 23.Rxf8+ Bxf8 24.Nc7 Qe3 25.Bxa8 Qe1+ 26.Kg2 Qe2+ 27.Kg1 
Qe1+ 28.Kg2 1/2-1/2

[Event "I Festival A"]
[Site "Cattolica ITA"]
[Date "2005.06.13"]
[Round "3"]
[White "Gandolfi, Gianfranco"]
[Black "Pivotto, Carlo"]
[Result "0-1"]
[WhiteElo "1967"]
[BlackElo "1802"]
[PlyCount "74"]
[EventDate "2005.06.11"]

1.e4 d6 2.d4 Nf6 3.Nc3 e5 4.dxe5 dxe5 5.Qxd8+ Kxd8 6.Bc4 Be6 7.Bxe6 fxe6 
8.Bg5 Bd6 9.O-O-O Ke7 10.Nge2 Nc6 11.f4 h6 12.fxe5 hxg5 13.exd6+ cxd6 14.
h3 a6 15.Nd4 Rac8 16.Nf3 g4 17.Ng5 gxh3 18.gxh3 Ne5 19.Ne2 Nh7 20.Nxh7 
Rxh7 21.Rhg1 Rc4 22.Rd4 Rxd4 23.Nxd4 g6 24.Rg3 Rh4 25.Re3 Nc4 26.Rc3 d5 
27.b3 Rxe4 28.bxc4 Rxd4 29.cxd5 Rxd5 30.Rg3 Kf6 31.c3 g5 32.Kc2 b5 33.Rg4 
Kf5 34.a4 e5 35.axb5 axb5 36.Kb3 e4 37.c4 Rd3+ 0-1

[Event "I Festival A"]
[Site "Cattolica ITA"]
[Date "2005.06.13"]
[Round "3"]
[White "Garofalo, Sergio"]
[Black "Leali, Claudio"]
[Result "1-0"]
[WhiteElo "1903"]
[BlackElo "1702"]
[PlyCount "93"]
[EventDate "2005.06.11"]

1.d4 Nf6 2.Nf3 g6 3.g3 Bg7 4.Bg2 O-O 5.O-O d5 6.c4 c6 7.cxd5 cxd5 8.Nc3 
Nc6 9.Nb5 a6 10.Nc3 Bg4 11.h3 Bxf3 12.Bxf3 Qd7 13.Bg2 Rac8 14.Na4 Qd8 15.
Nc5 Qb6 16.e3 Rfd8 17.Rb1 e5 18.b4 Qa7 19.b5 axb5 20.Rxb5 Nxd4 21.exd4 
exd4 22.Qa4 Qxc5 23.Rxc5 Rxc5 24.Bg5 Rdc8 25.Re1 Ne4 26.Bxe4 dxe4 27.Rxe4 
Rxg5 28.Re8+ Rxe8 29.Qxe8+ Bf8 30.Qd8 Rf5 31.g4 Rf4 32.g5 b5 33.Qb8 Rf5 
34.h4 Kg7 35.Qb6 Bc5 36.Qxb5 d3 37.Qxd3 Bxf2+ 38.Kg2 Bc5 39.Qc3+ Kg8 40.a4
Bb6 41.Kg3 Ba5 42.Qc4 Be1+ 43.Kg4 Bd2 44.Qd4 Ba5 45.h5 h6 46.gxh6 Rxh5 47.
Qg7# 1-0

[Event "I Festival A"]
[Site "Cattolica ITA"]
[Date "2005.06.13"]
[Round "3"]
[White "Grau, Peter"]
[Black "Radovanovic, Jovica"]
[Result "0-1"]
[WhiteElo "2082"]
[BlackElo "2340"]
[PlyCount "62"]
[EventDate "2005.06.11"]

1.c4 Nf6 2.Nc3 g6 3.g3 Bg7 4.Nf3 O-O 5.Bg2 d6 6.O-O Nbd7 7.d4 e5 8.e4 c6 
9.b3 a6 10.Bb2 Re8 11.Qd2 exd4 12.Nxd4 Nc5 13.Rfe1 Qb6 14.h3 Nfd7 15.Rad1 
Ne5 16.Re3 a5 17.f4 a4 18.Nce2 axb3 19.fxe5 dxe5 20.Nxb3 Rxa2 21.Nxc5 Rxb2
22.Qc3 Qxc5 23.Kh2 Rb4 24.Red3 Rxc4 25.Qa1 Rc2 26.Re1 Be6 27.Qd1 Bh6 28.
Rf1 Kg7 29.g4 Bg5 30.Kg3 Ra8 31.Rdf3 Raa2 0-1

[Event "I Festival A"]
[Site "Cattolica ITA"]
[Date "2005.06.13"]
[Round "3"]
[White "Isonzo, David"]
[Black "De Rosa, Mariagrazia"]
[Result "1/2-1/2"]
[WhiteElo "2325"]
[BlackElo "2081"]
[PlyCount "81"]
[EventDate "2005.06.11"]

1.Nf3 Nf6 2.g3 b6 3.Bg2 Bb7 4.O-O e6 5.d3 d5 6.Nbd2 Be7 7.e4 c5 8.e5 Nfd7 
9.c4 Nc6 10.Re1 d4 11.h4 Qc7 12.Ne4 Ncxe5 13.Nxe5 Nxe5 14.Bf4 f6 15.Bxe5 
fxe5 16.Qg4 O-O-O 17.Qxg7 Kb8 18.Ng5 Bxg5 19.Qxg5 e4 20.Bxe4 Rhg8 21.Qd2 
Rg4 22.Bxb7 Qxb7 23.Qe2 Rdg8 24.Qe5+ Ka8 25.Re4 Rxe4 26.Qxe4 Qxe4 27.dxe4 
Rg4 28.Re1 e5 29.Kg2 Kb7 30.Kh3 Rg7 31.f4 exf4 32.gxf4 Kc6 33.e5 Kd7 34.f5
Rg8 35.h5 Rg5 36.e6+ Ke8 37.f6 Rf5 38.f7+ Ke7 39.Kg4 Rf6 40.Re5 d3 41.Rd5 
1/2-1/2

[Event "I Festival A"]
[Site "Cattolica ITA"]
[Date "2005.06.13"]
[Round "3"]
[White "Lazarev, Vladimir"]
[Black "Bellin, Robert Cecil"]
[Result "1-0"]
[WhiteElo "2507"]
[BlackElo "2397"]
[PlyCount "82"]
[EventDate "2005.06.11"]

1.d4 f5 2.g3 Nf6 3.Bg2 e6 4.c4 Be7 5.Nf3 d5 6.O-O O-O 7.Nc3 c6 8.b3 a5 9.
Bb2 Ne4 10.e3 Nxc3 11.Bxc3 Nd7 12.Qc2 b6 13.Bb2 Bb7 14.Rfc1 Bd6 15.cxd5 
cxd5 16.Ne5 Nxe5 17.dxe5 Bc5 18.Qd2 Qd7 19.Rc2 Rfc8 20.Rac1 Bb4 21.Qd1 
Rxc2 22.Rxc2 Rc8 23.Bd4 Bc5 24.Bf1 Bxd4 25.exd4 Rxc2 26.Qxc2 Qc6 27.Qd2 h6
28.h4 Bc8 29.a3 Bd7 30.Be2 Be8 31.h5 Kh7 32.Kg2 Qc7 33.b4 Ba4 34.Bd3 Kg8 
35.g4 fxg4 36.Bg6 Qd8 37.Kg3 axb4 38.axb4 Be8 39.Qf4 Qe7 40.Kxg4 Bf7 41.
Qc1 Qxb4 1-0

[Event "I Festival A"]
[Site "Cattolica ITA"]
[Date "2005.06.13"]
[Round "3"]
[White "Magalotti, Andrea"]
[Black "Rocchetti, Marco"]
[Result "1/2-1/2"]
[WhiteElo "2169"]
[BlackElo "1937"]
[PlyCount "45"]
[EventDate "2005.06.11"]

1.e4 d5 2.exd5 Qxd5 3.Nc3 Qa5 4.d4 Nf6 5.Bc4 Bf5 6.Nf3 e6 7.Qe2 c6 8.Bd2 
Bb4 9.O-O-O Nbd7 10.a3 Bxc3 11.Bxc3 Qc7 12.Ne5 Nxe5 13.dxe5 Nd5 14.Bxd5 
cxd5 15.Bb4 Rc8 16.Rd2 Qc4 17.Qxc4 Rxc4 18.b3 Rc6 19.Kb2 f6 20.Bc3 Kf7 21.
Rc1 Rhc8 22.Bd4 a6 23.c3 1/2-1/2

[Event "I Festival A"]
[Site "Cattolica ITA"]
[Date "2005.06.13"]
[Round "3"]
[White "Manconi, Antonio"]
[Black "Popa, Claudiu"]
[Result "1-0"]
[WhiteElo "1972"]
[BlackElo "2186"]
[PlyCount "107"]
[EventDate "2005.06.11"]

1.e4 e5 2.d4 exd4 3.Qxd4 Nc6 4.Qe3 g6 5.Bd2 Bg7 6.Nc3 d6 7.O-O-O Qf6 8.f4 
Nge7 9.h3 h5 10.Nf3 a6 11.Rg1 h4 12.Be1 b5 13.Nh2 Qe6 14.Ng4 Nb4 15.a3 
Nbc6 16.Bd3 Bd4 17.Qf3 Bxg1 18.Nd5 Kd8 19.f5 gxf5 20.Nxe7 fxg4 21.Nxc6+ 
Kd7 22.hxg4 Kxc6 23.Bc3 Bb6 24.Bxh8 Qh6+ 25.Kb1 Qxh8 26.e5+ d5 27.Be4 Be6 
28.Bxd5+ Kd7 29.Bxa8+ Ke7 30.Qe4 Qg8 31.Qb4+ c5 32.Qf4 Qg7 33.g5 Bc7 34.
Qf6+ Qxf6 35.exf6+ Kf8 36.b4 cxb4 37.axb4 Kg8 38.Bd5 Bxd5 39.Rxd5 Bf4 40.
Kb2 Kh7 41.c4 bxc4 42.Kc3 Kg6 43.Kxc4 Bxg5 44.Rd6 Bxf6 45.Rxa6 Kf5 46.
Rxf6+ Kxf6 47.Kd5 Ke7 48.Ke5 Kd7 49.Kf6 Kc6 50.Kxf7 Kb5 51.Kg6 Kxb4 52.Kg5
h3 53.gxh3 Kc5 54.Kg6 1-0

[Event "I Festival A"]
[Site "Cattolica ITA"]
[Date "2005.06.13"]
[Round "3"]
[White "Meijers, Viesturs"]
[Black "Friedrich, Norbert"]
[Result "1-0"]
[WhiteElo "2486"]
[BlackElo "2303"]
[PlyCount "119"]
[EventDate "2005.06.11"]

1.e4 e6 2.d4 d5 3.exd5 exd5 4.Nf3 Nf6 5.Be2 Be7 6.O-O O-O 7.c4 dxc4 8.Bxc4
Bg4 9.Be3 Nc6 10.Nc3 Na5 11.Be2 Nd5 12.h3 Be6 13.Bd2 Nc4 14.Bc1 Nxc3 15.
bxc3 Bd5 16.Qc2 Re8 17.Rd1 Qd6 18.Nd2 Nxd2 19.Bxd2 Qc6 20.Bf1 Bf6 21.Be3 
a6 22.Rdc1 Bc4 23.Bxc4 Qxc4 24.Qb3 Qxb3 25.axb3 Rad8 26.Ra2 h6 27.Kf1 Bg5 
28.Bxg5 hxg5 29.Re1 Kf8 30.Re3 Rd6 31.Ke2 Rb6 32.b4 Rb5 33.Kf3 f6 34.g4 
Kf7 35.Ke2 Re6 36.Kd3 Re7 37.Kc4 Rb6 38.Rae2 Ree6 39.d5 Rxe3 40.fxe3 Ke7 
41.e4 c6 42.Kd4 Rb5 43.dxc6 bxc6 44.Ra2 Kd6 45.Rxa6 Rb7 46.Ra8 Re7 47.Ra6 
Rb7 48.Kd3 Kd7 49.Kc4 Kc7 50.Ra5 Kd6 51.Kd4 Re7 52.Rf5 Rd7 53.e5+ Ke6+ 54.
Ke4 Rd1 55.exf6 gxf6 56.Rf3 Rd7 57.Rd3 Re7 58.Kd4 Kd6 59.Rf3 Re6 60.Re3 
1-0

[Event "I Festival A"]
[Site "Cattolica ITA"]
[Date "2005.06.13"]
[Round "3"]
[White "Napoli, Nicolo'"]
[Black "Di Majo, Carlo"]
[Result "1-0"]
[WhiteElo "2205"]
[BlackElo "1982"]
[PlyCount "83"]
[EventDate "2005.06.11"]

1.d4 Nf6 2.Nc3 d5 3.Bg5 Nbd7 4.f3 c6 5.Qd3 Qa5 6.Nh3 e6 7.e4 dxe4 8.fxe4 
e5 9.Bd2 Qb6 10.dxe5 Nxe5 11.Qg3 Ng6 12.O-O-O Bg4 13.e5 Bxd1 14.exf6 O-O-O
15.Nxd1 gxf6 16.Bd3 Bd6 17.Qf2 Qxf2 18.Nhxf2 Nf4 19.g3 Nxd3+ 20.Nxd3 Rhe8 
21.Nc3 Re7 22.Rf1 Be5 23.Nxe5 Rxe5 24.Rxf6 Rd7 25.b3 Kd8 26.h4 Ke8 27.g4 
Rd4 28.Rh6 Rxg4 29.Rxh7 Rg8 30.Bg5 Rg6 31.Rh8+ Kd7 32.Rb8 f6 33.Bf4 Rf5 
34.Rxb7+ Kc8 35.Rc7+ Kd8 36.Bd6 Rh5 37.Rxc6 Kd7 38.Ra6 f5 39.Rxa7+ Kc6 40.
Bf4 Rg4 41.Bg5 f4 42.Rf7 1-0

[Event "I Festival A"]
[Site "Cattolica ITA"]
[Date "2005.06.13"]
[Round "3"]
[White "Okhotnik, Vladimir"]
[Black "Chatalbashev, Boris"]
[Result "1-0"]
[WhiteElo "2417"]
[BlackElo "2499"]
[PlyCount "80"]
[EventDate "2005.06.11"]

1.e4 g6 2.d4 Bg7 3.Nc3 c6 4.Nf3 d5 5.Bf4 Bg4 6.exd5 cxd5 7.Nb5 Kf8 8.Be2 
Nc6 9.c3 a6 10.Na3 h5 11.h3 Bxf3 12.Bxf3 e6 13.Nc2 Bh6 14.Bh2 Qf6 15.Nb4 
Bf4 16.Bxf4 Qxf4 17.Nd3 Qd6 18.Qd2 e5 19.dxe5 Nxe5 20.Nxe5 Qxe5+ 21.Qe3 
Qxe3+ 22.fxe3 Nf6 23.O-O-O Rd8 24.e4 Ke7 25.e5 Ne4 26.Rd4 Ke6 27.Bxe4 dxe4
28.Rxe4 Rd5 29.Rf1 Rhd8 30.Rf6+ Ke7 31.Re2 Rxe5 32.Rxf7+ Kxf7 33.Rxe5 Kf6 
34.Re3 g5 35.Kc2 h4 36.a4 Kf5 37.b4 b5 38.axb5 axb5 39.Rd3 Re8 40.Rd5+ Kf4
1-0